Manifiestos del surrealismo

Spremljeno u:
Bibliografski detalji
Glavni autor: Breton, André (Autor)
Format: Knjiga
Jezik:španjolski
Izdano: Barcelona Labor 1980
Serija:Colección Punto Omega, 28
Teme:
Oznake: Dodaj oznaku
Bez oznaka, Budi prvi tko označuje ovaj zapis!

MARC

LEADER 00000nam a2200000 a 4500
001 UCV9602
003 CL-VaPUC
008 921204e19800000SP |||||||||||||||||spa|d
082 0 4 |a 709.04063  |b BRE  |2 21 
100 |a Breton, André  |e author  |9 268387 
245 1 0 |a Manifiestos del surrealismo 
300 |a 338 p 
942 |c BK 
945 |d 19921204 00:00:00 
260 |a Barcelona  |b Labor  |c 1980 
650 0 |a Surrealismo  |9 265502 
583 |a last modification  |c 19921204 00:00:00  |k Rodrigo Vera 
490 0 |a Colección Punto Omega, 28 
999 |c 214913  |d 214911 
952 |0 0  |1 0  |4 0  |6 709_040630000000000_BRE_1980  |7 0  |8 A  |9 198741  |a BIBARQ  |b BIBARQ  |d 2019-11-14  |i 2661381  |o 709.04063 BRE 1980  |p 2661381  |r 2025-01-20  |w 2019-11-14  |y BK  |k ARQ